000 00715na a2200253 4500
001 17574
003 MIRAKIL
005 20181213154940.0
008 161029b tu 000 0
020 _a9756689414
040 _aMilas
_btur
_cTR-AnCHP
041 _atur
082 _a346.016
_bA92e 2004
090 _a346.016 A92e 2004
100 _aAyan, Serkan
245 _aEvlilik birliğinin korunması
_cSerkan Ayan
260 _aAnkara
_bTürkiye Barolar Birliği
_c2004
300 _axx, 356 s.
_c24 sm.
490 _aTürkiye Barolar Birliği yayınları
_v58
504 _aKaynakça var.
650 _aMedeni hukuk
_xEvlilik
_zTürkiye
650 _aÖzel hukuk
_xEvlilik
_zTürkiye
942 _2ddc
_cBKS
999 _c3690
_d3690